000 00295nam a2200121Ia 4500
008 190216s9999||||xx |||||||||||||| ||und||
100 _aRaja Raman V
245 0 _aComputer Programming In Fortran 77
260 _bPentice Hall Of India
_c1995
300 _a182p
650 _aComputer
942 _cBK
999 _c8711
_d8711